Szczegóły MARC21

Epigrammatum liber = Księga epigramatów /

003 -Nazwa inst., której nr kontr. jest w polu 001 [,]
    • @
    • Nazwa instytucji, której n kontrolny jest w polu 001
    • NUKAT
005 -DATA I CZAS OSTATNIEJ MODYFIKACJI [,]
    • @
    • pole kontrolne
    • 20250315034353.0
020 -Międzynarod. znormalizowany nr książki - ISBN [ , ]
    • a
    • Numer ISBN
    • 8389348128 Find
040 -Instytucja sporządzająca opis [ , ]
    • a
    • Instytucja, która sporządziła opis (NP)
    • WA M/GM
    • c
    • Instytucja, która sporządziła rekord (NP)
    • WA M/GM
    • d
    • Instytucja, która zmodyfikowała rekord (P)
    • WA M/IW
    • d
    • Instytucja, która zmodyfikowała rekord (P)
    • WR U/JWs
    • d
    • Instytucja, która zmodyfikowała rekord (P)
    • Ł U/RRs
041 -Język dokumentu [1, ]
    • a
    • Język tekstu (P)
    • łaciński
    • a
    • Język tekstu (P)
    • polski
    • h
    • Język tekstu oryginalnego i/lub pośredniego (P)
    • łaciński
942 -Rodzaj dokumentu [ , ]
    • c
    • Rodzaj dokumentu
    • Książka
100 -Hasło główne - nazwa osobowa [1, ]
    • a
    • Nazwa osobowa (NP)
    • Sarbiewski, Maciej Kazimierz
    • d
    • Daty biograficzne (NP)
    • (1595-1640).
    • 9
    • KHW
    • 40486
240 -Tytuł ujednolicony [1,0]
    • a
    • Tytuł ujednolicony
    • Epigrammatum liber
    • l
    • Język tekstu
    • (łac., pol.)
    • 9
    • KHW
    • 651303
245 -Strefa tytułu i oznaczenia odpowiedzialności [1,0]
    • a
    • Tytuł
    • Epigrammatum liber = Find
    • b
    • Ciąg dalszy tytułu (NP)
    • Księga epigramatów / Find
    • c
    • Pozostałe elementy strefy tytułu i oznaczenia odpowiedzialności (NP)
    • Maciej Kazimierz Sarbiewski ; wyd. i przeł. Magdalena Piskała i Dorota Sutkowska.
246 -Wariant tytułu [3,1]
    • a
    • Tytuł (NP)
    • Księga epigramatów
260 -Strefa adresu wydawniczego [ , ]
    • a
    • Miejsce wydania (P)
    • Warszawa :
    • b
    • Nazwa wydawcy (P)
    • IBL :
    • b
    • Nazwa wydawcy (P)
    • PCL,
    • c
    • Data wydania (P)
    • cop. 2003.
300 -Strefa opisu fizycznego [ , ]
    • a
    • Określenie formy książki i/lub objętość (NP)
    • 256 s. ;
    • c
    • Format (NP)
    • 21 cm.
336 -Typ zawartości [ , ]
    • a
    • Termin opisujący typ zawartości
    • Tekst
    • b
    • Kod określający zawartość
    • txt
    • 2
    • Źródło (terminu i kodu)
    • rdacontent
337 -Typ mediów [ , ]
    • a
    • Tryb odtwarzania
    • Bez urządzenia pośredniczącego
    • b
    • Kod typu mediów
    • n
    • 2
    • Źródło (terminu i kodu)
    • rdamedia
338 -Typ/rodzaj nośnika [ , ]
    • a
    • Hasło opisujące typ nośnika
    • Wolumin
    • b
    • Kod typu nośnika
    • nc
    • 2
    • Źródło (terminu i kodu)
    • rdacarrier
490 -Strefa serii i książki wielotomowej - forma nie do wyszukiwania [1, ]
    • a
    • Tytuł (P)
    • Biblioteka Pisarzy Staropolskich / Instytut Badań Literackich PAN, Stowarzyszenie "Pro Cultura Litteraria" ; Find
    • v
    • Numeracja (P)
    • t. 26
830 -Hasło dodatkowe serii i opisu książki wielotomowej - tytuł ujednolicony/tytuł [ ,0]
    • a
    • Tytuł ujednolicony/tytuł (NP)
    • Biblioteka Pisarzy Staropolskich
    • x
    • ISSN
    • 1427-3306
    • v
    • Oznaczenie tomu (NP)
    • t. 26
    • 9
    • KHW
    • 77779
504 -Uwaga dot. bibliogr. załącznikowej [ , ]
    • a
    • Uwaga dot. bibliografii załącznikowej
    • Indeksy.
546 -Uwaga dot. języka [ , ]
    • a
    • Uwaga dot. języka
    • Tekst równol. łac. i pol.
080 -Uniwersalna Klasyfikacja Dziesiętna [ , ]
    • a
    • Symbol klasyfikacji
    • 884-1
080 -Uniwersalna Klasyfikacja Dziesiętna [ , ]
    • a
    • Symbol klasyfikacji
    • :871-1
080 -Uniwersalna Klasyfikacja Dziesiętna [ , ]
    • a
    • Symbol klasyfikacji
    • +884(091)-1"16"Sarbiewski M.K.
600 -Hasło przedmiotowe w formie nazwy osobowej [1,7]
    • a
    • Nazwa osobowa
    • Sarbiewski, Maciej Kazimierz
    • d
    • Daty związane z nazwą
    • (1595-1640)
    • x
    • Określnik rzeczowy
    • krytyka i interpretacja.
    • 2
    • Źródło terminu
    • kaba
    • 9
    • KHW
    • 384401
600 -Hasło przedmiotowe w formie nazwy osobowej [1,7]
    • a
    • Nazwa osobowa
    • Sarbiewski, Maciej Kazimierz
    • d
    • Daty związane z nazwą
    • (1595-1640).
    • t
    • Tytuł
    • Epigrammatum liber
    • 2
    • Źródło terminu
    • kaba
    • 9
    • KHW
    • 331591
655 -Hasło w funkcji tematu formalnego [ ,7]
    • a
    • Hasło
    • Epigramaty łacińskie średniowieczne i nowożytne.
    • 2
    • Źródło terminu
    • kaba
    • 9
    • KHW
    • 186472
655 -Hasło w funkcji tematu formalnego [ ,7]
    • a
    • Hasło
    • Epigramaty łacińskie średniowieczne i nowożytne
    • v
    • Określnik formy
    • tłumaczenia polskie.
    • 2
    • Źródło terminu
    • kaba
    • 9
    • KHW
    • 651472
980 -Symbol UKD [ , ]
    • a
    • UKD
    • 884-1:871-1+884(091)-1"16"Sarbiewski M.K.
700 -Hasło dodatkowe - nazwa osobowa [1, ]
    • a
    • Nazwa osobowa (NP)
    • Piskała, Magdalena. Find
    • e
    • Określenie rodzaju współpracy
    • Tł.
    • 9
    • KHW
    • 651301
700 -Hasło dodatkowe - nazwa osobowa [1, ]
    • a
    • Nazwa osobowa (NP)
    • Sutkowska, Dorota. Find
    • e
    • Określenie rodzaju współpracy
    • Tł.
    • 9
    • KHW
    • 651300
710 -Hasło dodatkowe - nazwa ciała zbiorowego [2, ]
    • a
    • Nazwa ciała zbiorowego lub nazwa geograficzna jako pierwszy element (NP)
    • Polska Akademia Nauk.
    • b
    • Nazwa jednostki podrzędnej (P)
    • Instytut Badań Literackich.
    • b
    • Nazwa jednostki podrzędnej (P)
    • Wydawnictwo.
    • 4
    • Kod relacji
    • pbl
    • 9
    • KHW
    • 53680
920 -ISBN [ , ]
    • a
    • ISBN
    • 83-89348-12-8 Find
Numer inwentarzowy Data inwentaryzacji Sygnatura Lokalizacja Status udost.
Z.1050232005-09-05Z.105023BG1
P.193272004-07-29POL. Bibl. Pisarzy Staropol. T.26BM1